History - One Direction (All Lyrics) - Statistics

General Stats
  • This quiz has been taken 2,265 times
  • The average score is 300 of 349
Answer Stats
History % Correct
Chorus | Verse 1 You
100%
you
100%
a
99%
go
99%
me
99%
and
98%
got
98%
history
98%
I
98%
we
98%
we?
98%
We
98%
the
97%
The
97%
of
96%
be
95%
lot
94%
whole
93%
can
90%
do
90%
ever
90%
that
90%
That
90%
this
90%
This
90%
world
90%
don't
89%
greatest
89%
has
89%
seen
89%
my
88%
on
88%
were
87%
all
86%
Verse 2 All
86%
it
86%
could
84%
going
84%
I'm
84%
No
84%
strong
84%
to
84%
Aren't
83%
know
83%
make
83%
mind
83%
holding
82%
Thought
82%
thought
82%
gotta
81%
help
81%
losing
81%
So
81%
so
81%
forever
80%
live
80%
let
79%
they
79%
in
78%
behind
77%
team
77%
leave
76%
school
73%
some
73%
teach
73%
more
72%
what
72%
feeling
70%
is
70%
out
67%
wanna
67%
But
66%
Keep
65%
Now
64%
cars
63%
fights
63%
getting
63%
Hotel
63%
breaking
62%
rooms
61%
expensive
60%
heart's
60%
new
60%
tattoos
60%
alive
59%
end
59%
not
59%
truth
56%
way
54%
find
52%
anything
51%
private
51%
always
50%
Cause
50%
lie
50%
planes
50%
good
49%
just
49%
rumours
49%
here
48%
Bridge Minibars
48%
champagne
47%
life
47%
mean
46%
realize
46%
without
46%
Baby
31%
baby
31%
No matching quizzes found
Score Distribution
Percent of People with Each Score
Percentile by Number Answered
Your Score History
You have not taken this quiz